[Event "Titled Tuesday intern op 13th Aug Early"]
[Site "Chess.com INT"]
[Date "2024.08.13"]
[Round "3"]
[White "Ernst, Luca"]
[Black "Mariano, Nelson III"]
[Result "1-0"]
[WhiteElo "2185"]
[BlackElo "2196"]
[PlyCount "79"]
[EventDate "2024.08.13"]
[EventType "swiss (blitz)"]
[EventRounds "11"]
[EventCountry "USA"]
[SourceTitle "EXT 2025"]
[Source "ChessBase"]
[SourceDate "2024.10.14"]
[SourceVersion "1"]
[SourceVersionDate "2024.10.14"]
[SourceQuality "1"]

1. e4 d5 2. exd5 Qxd5 3. Nf3 Bg4 4. Be2 Nc6 5. 0-0 0-0-0 6. h3 h5 7. d4 Bxf3 8. Bxf3 Qxd4 9. Nd2 Nf6 10. Re1 Ne5 11. Qe2 Nxf3+ 12. Nxf3 Qa4 13. Ne5 Qe8 14. Be3 Kb8 15. Rad1 Rxd1 16. Rxd1 c6 17. Bf4 Kc8 18. Qe3 b6 19. Qc3 Kb7 20. b4 Nd5 21. Rxd5 cxd5 22. Nxf7 Qc8 23. Qxc8+ Kxc8 24. Nxh8 Kd7 25. Ng6 Ke8 26. Nxf8 Kxf8 27. b5 Ke8 28. Bb8 Kd7 29. Kf1 Kc8 30. Be5 g6 31. Ke2 Kd7 32. Kd3 Ke6 33. Kd4 Kd7 34. g4 hxg4 35. hxg4 e6 36. f4 Ke7 37. a4 Kd7 38. c4 dxc4 39. Kxc4 Ke7 40. Kd4 1-0

[Event "Titled Tuesday intern op 13th Aug Early"]
[Site "Chess.com INT"]
[Date "2024.08.13"]
[Round "2"]
[White "Mariano, Nelson III"]
[Black "Bacrot, Etienne"]
[Result "0-1"]
[WhiteElo "2196"]
[BlackElo "2677"]
[PlyCount "52"]
[EventDate "2024.08.13"]
[EventType "swiss (blitz)"]
[EventRounds "11"]
[EventCountry "USA"]
[SourceTitle "EXT 2025"]
[Source "ChessBase"]
[SourceDate "2024.10.14"]
[SourceVersion "1"]
[SourceVersionDate "2024.10.14"]
[SourceQuality "1"]

1. e4 c5 2. Nf3 d6 3. d4 cxd4 4. Nxd4 Nf6 5. Nc3 Nc6 6. Nde2 b5 7. g3 e6 8. Bg2 b4 9. Nb1 Bb7 10. 0-0 Be7 11. a3 a5 12. a4 0-0 13. Nd2 Ne5 14. c3 d5 15. Qc2 Ba6 16. Nf3 Nxf3+ 17. Bxf3 dxe4 18. Bxe4 b3 19. Qxb3 Nxe4 20. Re1 Rb8 21. Qc2 Bd3 22. Qd1 Bc5 23. Be3 Bxe3 24. fxe3 Rxb2 25. Nf4 Ba6 26. Qf3 Qd2 0-1

[Event "Titled Tuesday intern op 25th Jun Early"]
[Site "Chess.com INT"]
[Date "2024.06.25"]
[Round "7"]
[White "Pap, Gyula"]
[Black "Mariano, Nelson III"]
[Result "1-0"]
[WhiteElo "2476"]
[BlackElo "2196"]
[PlyCount "35"]
[EventDate "2024.06.25"]
[EventType "swiss (blitz)"]
[EventRounds "11"]
[EventCountry "USA"]
[SourceTitle "EXT 2025"]
[Source "ChessBase"]
[SourceDate "2024.10.14"]
[SourceVersion "1"]
[SourceVersionDate "2024.10.14"]
[SourceQuality "1"]

1. e4 d5 2. exd5 Qxd5 3. Nf3 Bg4 4. Be2 Nc6 5. d4 0-0-0 6. Be3 Nf6 7. 0-0 Qh5 8. h3 e5 9. hxg4 Nxg4 10. Nh4 Qxh4 11. Bxg4+ Kb8 12. d5 h5 13. Bh3 Nd4 14. c3 Ne6 15. dxe6 Rxd1 16. Rxd1 fxe6 17. Nd2 g5 18. Nf3 1-0

[Event "Titled Tuesday intern op 12th Sep Early"]
[Site "Chess.com INT"]
[Date "2023.09.12"]
[Round "3"]
[White "Mariano, Nelson III"]
[Black "Burmakin, Evgeniy"]
[Result "1/2-1/2"]
[WhiteElo "2196"]
[BlackElo "2179"]
[PlyCount "87"]
[EventDate "2023.09.12"]
[EventType "swiss (blitz)"]
[EventRounds "11"]
[EventCountry "USA"]
[SourceTitle "EXT 2024"]
[Source "ChessBase"]
[SourceDate "2023.10.10"]
[SourceVersion "1"]
[SourceVersionDate "2023.10.10"]
[SourceQuality "1"]

1. e4 c5 2. Nf3 d6 3. d4 cxd4 4. Nxd4 Nf6 5. Nc3 e6 6. h3 Be7 7. Be2 Nc6 8. Nb3 0-0 9. 0-0 a6 10. f4 b5 11. Bf3 Bb7 12. Be3 Qc7 13. a3 Rac8 14. Qe1 Rfe8 15. Rd1 e5 16. f5 Na5 17. Nxa5 Qxa5 18. g4 b4 19. axb4 Qxb4 20. Nd5 Nxd5 21. exd5 e4 22. c3 Qxb2 23. Rb1 Qxc3 24. Qxc3 Rxc3 25. Rxb7 exf3 26. Bd4 Rd3 27. Re1 Rxd4 28. Rexe7 Rf8 29. Kf2 Rxd5 30. Ra7 Ra5 31. Red7 d5 32. h4 g6 33. f6 h6 34. Kxf3 Ra3+ 35. Kf4 Ra4+ 36. Kf3 Ra3+ 37. Kf2 Ra4 38. Kg3 Ra3+ 39. Kf4 Ra4+ 40. Kg3 Ra3+ 41. Kg2 Ra4 42. Kh3 Ra3+ 43. Kh2 Ra4 44. Kg3 1/2-1/2

[Event "Titled Tuesday intern op 05th Sep Early"]
[Site "Chess.com INT"]
[Date "2023.09.05"]
[Round "1"]
[White "Mariano, Nelson III"]
[Black "Andreikin, Dmitry"]
[Result "0-1"]
[WhiteElo "2196"]
[BlackElo "2729"]
[PlyCount "62"]
[EventDate "2023.09.05"]
[EventType "swiss (blitz)"]
[EventRounds "11"]
[EventCountry "USA"]
[SourceTitle "EXT 2024"]
[Source "ChessBase"]
[SourceDate "2023.10.10"]
[SourceVersion "1"]
[SourceVersionDate "2023.10.10"]
[SourceQuality "1"]

1. e4 c5 2. Nf3 e6 3. d4 cxd4 4. Bg5 Qc7 5. c3 dxc3 6. Nxc3 a6 7. Rc1 Nc6 8. Be2 Be7 9. 0-0 Bxg5 10. Nxg5 Nf6 11. Nd5 exd5 12. exd5 0-0 13. dxc6 dxc6 14. Bc4 h6 15. Nxf7 Rxf7 16. Qb3 Bf5 17. Rfe1 Raf8 18. Bxf7+ Qxf7 19. Qb6 Nd5 20. Qc5 Nf4 21. Re7 Qg6 22. g3 Nh3+ 23. Kg2 Ng5 24. Qc4+ Be6 25. Qc3 Bd5+ 26. Kg1 Nf3+ 27. Kg2 Ne5+ 28. Kg1 Qe4 29. Kf1 Qg2+ 30. Ke1 Qxf2+ 31. Kd1 Bf3+ 0-1

[Event "Titled Tuesday intern op 29th Aug Early"]
[Site "Chess.com INT"]
[Date "2023.08.29"]
[Round "8"]
[White "Mariano, Nelson III"]
[Black "Rohit, Krishna S"]
[Result "0-1"]
[WhiteElo "2196"]
[BlackElo "2423"]
[PlyCount "94"]
[EventDate "2023.08.29"]
[EventType "swiss (blitz)"]
[EventRounds "11"]
[EventCountry "USA"]
[SourceTitle "EXT 2024"]
[Source "ChessBase"]
[SourceDate "2023.10.10"]
[SourceVersion "1"]
[SourceVersionDate "2023.10.10"]
[SourceQuality "1"]

1. e4 c5 2. Nf3 d6 3. d4 cxd4 4. Nxd4 Nf6 5. Nc3 Nc6 6. h3 e5 7. Nf3 Be6 8. Be3 Be7 9. Be2 d5 10. exd5 Nxd5 11. Nxd5 Bxd5 12. 0-0 0-0 13. c4 Be6 14. a3 a5 15. Qc2 f6 16. Bd3 f5 17. Rfd1 Qe8 18. c5 e4 19. Bc4 Qf7 20. Bxe6 Qxe6 21. Nd4 Qg6 22. Nxc6 bxc6 23. Rd7 Bf6 24. Qc4+ Kh8 25. Bd4 f4 26. Bxf6 Rxf6 27. Rad1 Raf8 28. Re7 e3 29. Qe4 exf2+ 30. Kf1 Qh5 31. Rdd7 Rg8 32. Qd4 Qg5 33. Qxf2 f3 34. gxf3 Qc1+ 35. Kg2 Rg6+ 36. Kh2 Qf4+ 37. Kh1 Qf5 38. Kh2 Qf4+ 39. Kh1 Rg3 40. Rf7 Rxh3+ 41. Kg1 Qc1+ 42. Qf1 Qg5+ 43. Kf2 Rh2+ 44. Ke1 Qc1+ 45. Rd1 Re8+ 46. Qe2 Rexe2+ 47. Kf1 Qxd1# 0-1

[Event "Titled Tuesday intern op 29th Aug Early"]
[Site "Chess.com INT"]
[Date "2023.08.29"]
[Round "10"]
[White "Mariano, Nelson III"]
[Black "Valle Luis, Leo"]
[Result "1-0"]
[WhiteElo "2196"]
[BlackElo "2250"]
[PlyCount "47"]
[EventDate "2023.08.29"]
[EventType "swiss (blitz)"]
[EventRounds "11"]
[EventCountry "USA"]
[SourceTitle "EXT 2024"]
[Source "ChessBase"]
[SourceDate "2023.10.10"]
[SourceVersion "1"]
[SourceVersionDate "2023.10.10"]
[SourceQuality "1"]

1. e4 c6 2. d4 d5 3. e5 c5 4. c4 cxd4 5. Nf3 Nc6 6. cxd5 Qxd5 7. Nc3 Qa5 8. Nxd4 Qxe5+ 9. Be3 Nxd4 10. Qxd4 Qxd4 11. Bxd4 Bd7 12. Nb5 Rc8 13. Nxa7 Rc2 14. Bd3 Rc7 15. Bb6 Rc6 16. Nxc6 Bxc6 17. 0-0 e6 18. a4 Nf6 19. a5 Bd6 20. Rfc1 Kd7 21. a6 bxa6 22. Rxa6 Rb8 23. Ra7+ Rb7 24. Bb5 1-0

[Event "Phuket Blue Chevaliers op"]
[Site "Phuket"]
[Date "2022.07.15"]
[Round "7"]
[White "Makarov, Nikolay Val"]
[Black "Mariano, Nelson III"]
[Result "1/2-1/2"]
[WhiteElo "2263"]
[BlackElo "2207"]
[PlyCount "64"]
[EventDate "2022.07.11"]
[EventType "swiss"]
[EventRounds "9"]
[EventCountry "THA"]
[SourceTitle "CBM 209 Extra"]
[Source "ChessBase"]
[SourceDate "2022.09.30"]
[SourceVersion "1"]
[SourceVersionDate "2022.09.30"]
[SourceQuality "1"]

1. c4 Nf6 2. Nc3 g6 3. g3 Bg7 4. Bg2 0-0 5. e4 d6 6. Nge2 e5 7. 0-0 Be6 8. b3 Nc6 9. Bb2 Qd7 10. Nd5 Ne8 11. f4 f5 12. d4 fxe4 13. dxe5 dxe5 14. Bxe4 Rd8 15. fxe5 Rxf1+ 16. Qxf1 Nxe5 17. Rd1 Nf3+ 18. Qxf3 Bxb2 19. Nf6+ Nxf6 20. Rxd7 Rxd7 21. Bxb7 Bh3 22. Bd5+ Nxd5 23. cxd5 Rf7 24. Nf4 Bd4+ 25. Kh1 g5 26. Qh5 gxf4 27. Qxh3 f3 28. Qc8+ Kg7 29. Qg4+ Kf8 30. Qc8+ Kg7 31. Qg4+ Kf8 32. Qxd4 f2 1/2-1/2

[Event "Phuket Blue Chevaliers op"]
[Site "Phuket"]
[Date "2022.07.15"]
[Round "8"]
[White "Mariano, Nelson III"]
[Black "Kulpruethanon, Thanadon"]
[Result "1/2-1/2"]
[WhiteElo "2207"]
[BlackElo "2294"]
[PlyCount "62"]
[EventDate "2022.07.11"]
[EventType "swiss"]
[EventRounds "9"]
[EventCountry "THA"]
[SourceTitle "CBM 209 Extra"]
[Source "ChessBase"]
[SourceDate "2022.09.30"]
[SourceVersion "1"]
[SourceVersionDate "2022.09.30"]
[SourceQuality "1"]

1. e4 e5 2. Nf3 Nc6 3. Bb5 a6 4. Ba4 Nf6 5. 0-0 Be7 6. Re1 b5 7. Bb3 d6 8. c3 0-0 9. d4 Bg4 10. Be3 Bh5 11. Nbd2 d5 12. Bg5 exd4 13. e5 Ne4 14. Bxe7 Nxe7 15. cxd4 Nxd2 16. Qxd2 Bxf3 17. gxf3 Rb8 18. Rac1 Rb6 19. Kh1 Rh6 20. Rg1 Ng6 21. Qg5 Rh4 22. Qxd8 Rxd8 23. Rg4 h5 24. Rxh4 Nxh4 25. Rxc7 Nxf3 26. Rc5 Nxd4 27. Bxd5 Ne6 28. Bxe6 fxe6 29. Rc6 Rd2 30. Rxe6 Rxf2 31. Rxa6 Rxb2 1/2-1/2

[Event "Phuket Blue Chevaliers op"]
[Site "Phuket"]
[Date "2022.07.13"]
[Round "5"]
[White "Mariano, Nelson III"]
[Black "Tantipura, Noppakorn"]
[Result "1-0"]
[WhiteElo "2207"]
[BlackElo "2002"]
[PlyCount "53"]
[EventDate "2022.07.11"]
[EventType "swiss"]
[EventRounds "9"]
[EventCountry "THA"]
[SourceTitle "CBM 209 Extra"]
[Source "ChessBase"]
[SourceDate "2022.09.30"]
[SourceVersion "1"]
[SourceVersionDate "2022.09.30"]
[SourceQuality "1"]

1. e4 c5 2. Nc3 a6 3. Nge2 d6 4. g3 Nf6 5. Bg2 Nc6 6. 0-0 g6 7. d4 cxd4 8. Nxd4 Bd7 9. Nde2 Bg7 10. h3 0-0 11. Be3 Rc8 12. Rc1 Qa5 13. Nd5 Nxd5 14. exd5 Bxb2 15. Rb1 Qxa2 16. dxc6 Bxc6 17. Bxc6 Rxc6 18. c3 Bxc3 19. Nxc3 Rxc3 20. Bh6 Qa3 21. Kh2 Rb8 22. Qd4 e5 23. Qh4 Rf3 24. Rxb7 Rc8 25. Rc7 Rb8 26. Qc4 Rd8 27. Rc8 1-0

[Event "Johor op 6th"]
[Site "Johor"]
[Date "2019.12.04"]
[Round "4"]
[White "Adarsh, Tripathi"]
[Black "Mariano, Nelson III"]
[Result "1/2-1/2"]
[WhiteElo "1954"]
[BlackElo "2235"]
[PlyCount "58"]
[EventDate "2019.12.02"]
[EventType "swiss"]
[EventRounds "9"]
[EventCountry "MAS"]
[SourceTitle "CBM 193 Extra"]
[Source "ChessBase"]
[SourceDate "2020.01.31"]
[SourceVersion "1"]
[SourceVersionDate "2020.01.31"]
[SourceQuality "1"]

1. d4 Nf6 2. Nf3 g6 3. Nc3 d5 4. Bf4 Bg7 5. e3 0-0 6. Be2 c5 7. Ne5 cxd4 8. exd4 Nc6 9. 0-0 Bf5 10. Nxc6 bxc6 11. Na4 Nd7 12. Bd3 Bxd3 13. Qxd3 e5 14. dxe5 Nxe5 15. Bxe5 Bxe5 16. h3 Qf6 17. Nc3 Rab8 18. Rab1 Rb4 19. Nd1 Rd4 20. Qe2 Re4 21. Ne3 Bxb2 22. c4 Bd4 23. cxd5 cxd5 24. Qd3 Bxe3 25. fxe3 Qe6 26. Rf4 Rd8 27. Qa3 Rxe3 28. Qxa7 Rd3 29. Qa5 Rc8 1/2-1/2

[Event "Johor op 6th"]
[Site "Johor"]
[Date "2019.12.03"]
[Round "2"]
[White "Sivuk, Vitaly"]
[Black "Mariano, Nelson III"]
[Result "1-0"]
[WhiteElo "2588"]
[BlackElo "2235"]
[PlyCount "97"]
[EventDate "2019.12.02"]
[EventType "swiss"]
[EventRounds "9"]
[EventCountry "MAS"]
[SourceTitle "CBM 193 Extra"]
[Source "ChessBase"]
[SourceDate "2020.01.31"]
[SourceVersion "1"]
[SourceVersionDate "2020.01.31"]
[SourceQuality "1"]

1. d4 Nf6 2. c4 g6 3. Nc3 Bg7 4. e4 d6 5. h3 0-0 6. Be3 e5 7. d5 Na6 8. g4 Nc5 9. Qc2 a5 10. 0-0-0 Bd7 11. Nge2 a4 12. Ng3 a3 13. b3 Ne8 14. Qd2 Qb8 15. Kb1 b6 16. f3 Qa7 17. h4 Qa5 18. h5 Qb4 19. Qc2 Qa5 20. Rc1 f6 21. h6 Bh8 22. Nb5 Rf7 23. Rg1 Kf8 24. Bd2 Qa6 25. Bb4 Qc8 26. Bh3 Nb7 27. Nxa3 Nd8 28. Nb5 Re7 29. Bd2 Nf7 30. Bf1 Ng5 31. Qd3 Rf7 32. Rh1 Qd8 33. Be2 Qe7 34. Qe3 Bc8 35. a4 Bd7 36. Rc2 Qd8 37. Ra2 Qc8 38. Bd3 Re7 39. Ne2 Nf7 40. Ng3 Nd8 41. Rc1 Nf7 42. b4 Qb8 43. Kc2 Ng5 44. Rca1 Nh3 45. a5 Bxb5 46. cxb5 Nf4 47. Bf1 Rf7 48. Qc3 Kg8 49. Qc6 1-0

[Event "Johor op 5th"]
[Site "Johor"]
[Date "2018.12.14"]
[Round "7"]
[White "Mariano, Nelson III"]
[Black "Czebe, Attila"]
[Result "0-1"]
[WhiteElo "2275"]
[BlackElo "2417"]
[PlyCount "62"]
[EventDate "2018.12.10"]
[EventType "swiss"]
[EventRounds "9"]
[EventCountry "MAS"]
[SourceTitle "CBM 187 Extra"]
[Source "ChessBase"]
[SourceDate "2018.11.04"]
[SourceVersion "1"]
[SourceVersionDate "2018.11.04"]
[SourceQuality "1"]

1. e4 d6 2. d4 g6 3. Nc3 a6 4. Be3 b5 5. Qd2 Bb7 6. Bd3 Nf6 7. f3 Nbd7 8. 0-0-0 Rc8 9. Qe2 Bg7 10. h4 c5 11. dxc5 Nxc5 12. e5 Nh5 13. Bxc5 Rxc5 14. exd6 Re5 15. d7+ Qxd7 16. Bxb5 axb5 17. Rxd7 Rxe2 18. Rxb7 Re1+ 19. Kd2 Rf1 20. Nce2 0-0 21. c3 Bh6+ 22. Kc2 Nf4 23. Rxe7 Rd8 24. h5 Bf8 25. hxg6 hxg6 26. g3 Bxe7 27. gxf4 Bc5 28. f5 Be3 29. fxg6 fxg6 30. Rh3 Bxg1 31. Rg3 Be3 0-1

[Event "Olongapo City op"]
[Site "Olongapo City"]
[Date "2015.11.14"]
[Round "10"]
[White "Cuhendi, Sean Winshand"]
[Black "Mariano, Nelson III"]
[Result "1/2-1/2"]
[WhiteElo "2450"]
[BlackElo "2301"]
[PlyCount "60"]
[EventDate "2015.11.09"]
[EventType "swiss"]
[EventRounds "10"]
[EventCountry "PHI"]
[SourceTitle "CBM 169 Extra"]
[Source "ChessBase"]
[SourceDate "2015.12.18"]
[SourceVersion "1"]
[SourceVersionDate "2015.12.18"]
[SourceQuality "1"]

1. e4 d5 2. exd5 Qxd5 3. Nc3 Qa5 4. d4 Nf6 5. Bc4 Bg4 6. f3 Bf5 7. Nge2 e6 8. 0-0 a6 9. Bd2 Qb6 10. Bb3 Nc6 11. Be3 0-0-0 12. Qc1 Nb4 13. Bf2 Nfd5 14. Ne4 h6 15. Rd1 Nf6 16. c3 Nxe4 17. fxe4 Bg4 18. cxb4 Bxe2 19. Rd2 Bh5 20. a3 Qb5 21. Qc2 Qg5 22. Rc1 c6 23. Rd3 Bd6 24. Rc3 Bf4 25. Rf1 Kb8 26. Rc5 e5 27. Kh1 Rd6 28. Bg1 Rc8 29. Bf2 Rh8 30. Bg1 Rc8 1/2-1/2

[Event "Olongapo City op"]
[Site "Olongapo City"]
[Date "2015.11.11"]
[Round "4"]
[White "Bitoon, Richard"]
[Black "Mariano, Nelson III"]
[Result "1-0"]
[WhiteElo "2417"]
[BlackElo "2301"]
[PlyCount "75"]
[EventDate "2015.11.09"]
[EventType "swiss"]
[EventRounds "10"]
[EventCountry "PHI"]
[SourceTitle "CBM 169 Extra"]
[Source "ChessBase"]
[SourceDate "2015.12.18"]
[SourceVersion "1"]
[SourceVersionDate "2015.12.18"]
[SourceQuality "1"]

1. Nf3 Nf6 2. g3 g6 3. b4 Bg7 4. Bb2 0-0 5. Bg2 d6 6. 0-0 e5 7. c4 a5 8. b5 Nbd7 9. d3 Nc5 10. Qc2 e4 11. dxe4 Nfxe4 12. Nd4 Ng5 13. h4 Nge6 14. Nb3 a4 15. Nxc5 Nxc5 16. Bxg7 Kxg7 17. Nc3 Be6 18. Ne4 Rb8 19. Nxc5 dxc5 20. Qxa4 Qd2 21. e3 Rfd8 22. Rfc1 Qe2 23. Bf1 Qf3 24. Qc2 Bf5 25. Qb2+ f6 26. Bg2 Qg4 27. a4 Rd6 28. a5 Rbd8 29. a6 bxa6 30. bxa6 Rd2 31. Qb7 Rxf2 32. Kxf2 Rd2+ 33. Kg1 Qxg3 34. Qf3 Rxg2+ 35. Qxg2 Qxe3+ 36. Qf2 Qh3 37. Qf4 Bg4 38. Rf1 1-0

[Event "Olongapo City op"]
[Site "Olongapo City"]
[Date "2015.11.09"]
[Round "1"]
[White "Mariano, Nelson III"]
[Black "Narayanan, Sunilduth Lyna"]
[Result "0-1"]
[WhiteElo "2301"]
[BlackElo "2481"]
[PlyCount "50"]
[EventDate "2015.11.09"]
[EventType "swiss"]
[EventRounds "10"]
[EventCountry "PHI"]
[SourceTitle "CBM 169 Extra"]
[Source "ChessBase"]
[SourceDate "2015.12.18"]
[SourceVersion "1"]
[SourceVersionDate "2015.12.18"]
[SourceQuality "1"]

1. e4 c6 2. d4 d5 3. e5 Bf5 4. h4 Qc7 5. Nc3 h6 6. g4 Bd7 7. h5 e6 8. f4 c5 9. Nf3 Nc6 10. Be3 cxd4 11. Nxd4 a6 12. Nce2 Nge7 13. c3 f6 14. Nxc6 Nxc6 15. exf6 gxf6 16. g5 fxg5 17. fxg5 0-0-0 18. Qd2 Ne5 19. Nd4 Ng4 20. 0-0-0 Bd6 21. Rh4 e5 22. Nc2 Be7 23. Kb1 Nxe3 24. Nxe3 Bxg5 25. Nxd5 Bxd2 0-1

[Event "Kuala Lumpur op 11th"]
[Site "Kuala Lumpur"]
[Date "2014.04.05"]
[Round "3"]
[White "Mariano, Nelson III"]
[Black "Yogesh, Gautam"]
[Result "1-0"]
[WhiteElo "2318"]
[BlackElo "2091"]
[PlyCount "55"]
[EventDate "2014.04.04"]
[EventType "swiss"]
[EventRounds "9"]
[EventCountry "MAS"]
[SourceTitle "EXT 2015"]
[Source "ChessBase"]
[SourceDate "2014.11.20"]
[SourceVersion "1"]
[SourceVersionDate "2014.11.20"]
[SourceQuality "1"]

1. e4 e6 2. d4 d5 3. exd5 exd5 4. c4 Nf6 5. Nc3 Bb4 6. Bd3 0-0 7. Nf3 dxc4 8. Bxc4 c5 9. Be3 Nc6 10. h3 Ne4 11. Rc1 Qa5 12. 0-0 cxd4 13. Bxd4 Nxd4 14. Nxe4 Nxf3+ 15. Qxf3 Qf5 16. Qb3 a5 17. Bd5 Ra6 18. a3 Be7 19. Rc3 a4 20. Qc4 Rg6 21. Ng3 Qf6 22. Rf3 b5 23. Qa2 Qg5 24. Bxf7+ Kh8 25. Bxg6 Rxf3 26. gxf3 Bxh3 27. Qf7 hxg6 28. Re1 1-0